[Event "TCh-HUN 2011-12"]
[Site "Budapest HUN"]
[Date "2011.10.30"]
[Round "2"]
[White "Kovacs,Adr"]
[Black "Erdelyi,Z"]
[Result "0-1"]
[WhiteElo "2233"]
[BlackElo "2319"]

1.c4 Nf6 2.Nf3 g6 3.g3 Bg7 4.Bg2 O-O 5.Nc3 d5 6.cxd5 Nxd5 7.Qb3 Nb6 8.d3 Nc6
9.Bf4 Bg4 10.Qd1 Qc8 11.h3 Bd7 12.Qd2 Rd8 13.Rc1 Bf5 14.Qe3 Qd7 15.Bh6 Bh8
16.h4 Qe6 17.h5 Qxe3 18.Bxe3 Bd7 19.Ng5 Be8 20.Nge4 Rab8 21.Bf4 Be5 22.hxg6 hxg6
23.Bg5 f6 24.Be3 Bf7 25.Bc5 Nd5 26.Ba3 Ncb4 27.Nxd5 Nxd5 28.e3 c6 29.Ke2 Kg7
30.f4 Bc7 31.b3 Bb6 32.Nc5 a5 33.d4 Bxc5 34.Bxc5 Re8 35.Bxd5 Bxd5 36.Rh2 Rh8
37.Rf2 Kf7 38.Bb6 Ra8 39.Kd3 Rh3 40.Rg1 a4 41.Rb2 axb3 42.axb3 f5 43.Kc3 Rah8
44.Ra2 Rh2 45.Rxh2 Rxh2 46.g4 fxg4 47.Rxg4 Rh3 48.Kd3 Bxb3 49.Rg1 Rh2 50.Bc5 b5
51.Ra1 Ba4 52.Bb4 Rb2 53.Bd2 Rb3+ 54.Ke4 Kf6 55.Be1 Rb2 56.Bc3 Bc2+ 57.Kf3 Rb3
58.Be1 Kf5 59.Ra2 Bd1+ 60.Kf2 Ke4 61.Bd2 Kd3 62.Bc1 Bc2 63.Ra6 Rb1 64.Ba3 b4
65.Bxb4 Rxb4 66.Rxc6 Rb2 67.Rxg6 Bb3+ 68.Kg3 Kxe3 69.f5 Bd5 70.Ra6 Kxd4 71.f6 e5
72.Rd6 e4 73.Rd8 Ke5 74.Rd7 Rb3+ 75.Kg2 Rb6 76.Kf2 Rxf6+ 77.Ke1 Kd4  0-1

[Event "1st Panama Open"]
[Site "Panama City PAN"]
[Date "2011.11.05"]
[Round "5.20"]
[White "Lammers,M"]
[Black "Mathews,B"]
[Result "0-1"]
[WhiteElo "2392"]
[BlackElo "2034"]

1.Nf3 Nf6 2.c4 g6 3.g3 Bg7 4.Bg2 O-O 5.O-O d6 6.d4 Nc6 7.Nc3 a6 8.b3 Rb8
9.Nd5 Nh5 10.Bb2 e6 11.Nc3 b5 12.d5 Ne7 13.dxe6 Bxe6 14.cxb5 axb5 15.Qd2 Nf6
16.Ng5 Bd7 17.Nce4 Nc6 18.Rac1 Ne5 19.f4 Neg4 20.h3 h6 21.hxg4 hxg5 22.Bxf6 Bxf6
23.fxg5 Be5 24.Nf6+ Kg7 25.Qe3 Be6 26.Be4 c5 27.Kg2 Rh8 28.Bc6 Qb6 29.Qe4 Qa7
30.Qf3 Rbd8 31.Bxb5 Qxa2 32.Bc4 Bxc4 33.bxc4 Qa7 34.Rb1 Rb8 35.Qc6 Qe7 36.Nd5 Qe6
37.Rf6 Bxf6 38.gxf6+ Kh6 39.Rh1+ Kg5 40.Nf4 Qxg4 41.Rd1 Rbd8 42.Qb7 Rhe8
43.Kf2 Kxf6 44.Qb2+ Re5 45.Nd3 Qd4+ 46.Qxd4 cxd4 47.Nxe5 Kxe5 48.e3 dxe3+
49.Kxe3 Ra8 50.Rd5+ Ke6 51.g4 Ra1 52.g5 Re1+ 53.Kf4 Rf1+ 54.Ke4 Re1+ 55.Kf4 Rh1
56.Ke3 Rh4 57.Rd4 Rxd4 58.Kxd4 f5 59.gxf6 Kxf6 60.Kd5 Ke7 61.Ke4 Ke6 62.Kf4 Kf6
63.Ke4 Ke6 64.Kf4 Kf6 65.Ke4 g5 66.Kd5 Ke7 67.c5 dxc5 68.Kxc5 Ke6  0-1

[Event "TCh-AUT 2 Ost 2011-12"]
[Site "Vienna AUT"]
[Date "2011.11.06"]
[Round "4"]
[White "Lipka,J"]
[Black "Schweda,R"]
[Result "1/2-1/2"]
[WhiteElo "2443"]
[BlackElo "2447"]

1.Nf3 Nf6 2.c4 g6 3.g3 Bg7 4.Bg2 O-O 5.d4 d6 6.O-O c6 7.Nc3 a6 8.d5 Bg4 9.Be3 cxd5
10.cxd5 Bxf3 11.exf3 Nbd7 12.f4 Qa5 13.Re1 Rfe8 14.a3 Rac8 15.Rc1 Nb6 16.Bh3 Rc7
17.Bxb6 Qxb6 18.Na4 Rxc1 19.Nxb6 Rxd1 20.Rxd1 Ne4 21.b4 f5 22.Bf1 Bb2 23.Nc4 Bf6
24.Nb6 Kf7 25.Bc4 Bb2 26.Rd3 Bg7 27.Bb3 Nc3 28.Kf1 Rb8 29.Nd7 Rc8 30.Nb6 Rc7
31.Na8 Rc8 32.Nb6  1/2-1/2

[Event "21st World Seniors Women"]
[Site "Rijeka CRO"]
[Date "2011.11.16"]
[Round "2.9"]
[White "Dotan,V"]
[Black "Bilunova,R"]
[Result "1/2-1/2"]
[WhiteElo "2083"]
[BlackElo "2151"]

1.Nf3 Nf6 2.c4 g6 3.g3 Bg7 4.Bg2 O-O 5.O-O c6 6.d4 d5 7.cxd5 cxd5 8.Nc3 Nc6
9.Bf4 Qb6 10.Na4 Qa5 11.b3 Ne4 12.Ne5 Nxe5 13.Bxe5 Bxe5 14.dxe5 Rd8  1/2-1/2

[Event "TCh-FIN SM-Liiga 2011-12"]
[Site "Tampere FIN"]
[Date "2011.11.20"]
[Round "6.8"]
[White "Penttinen,J"]
[Black "Hynninen,J"]
[Result "1/2-1/2"]
[WhiteElo "2272"]
[BlackElo "2165"]

1.Nf3 Nf6 2.c4 g6 3.g3 Bg7 4.Bg2 O-O 5.O-O d6 6.d4 c6 7.b3 Nbd7 8.Bb2 Qc7
9.Nc3 Re8 10.e4 e5 11.d5 a6 12.Re1 c5 13.h3 Rb8 14.Bf1 h6 15.Qc2 Nh7 16.Kh2 Rf8
17.Bd3 Nb6 18.g4 Bd7 19.Rg1 Nc8 20.a4 Ne7 21.Bc1 Kh8 22.Nh4 Qd8 23.Kg3 Bf6
24.Ng2 g5 25.Ne3 Ng6 26.Ra2 Nf4 27.Nf5 Bxf5 28.exf5 Kg7 29.Ne4 Be7 30.Be2 Nf6
31.Rh1 Nxe4+ 32.Qxe4 Bf6 33.Rd1 Rh8 34.Bf1 h5 35.Bxf4 exf4+ 36.Kf3 hxg4+
37.hxg4 Qb6 38.Qd3 Rbe8 39.Re2 Rxe2 40.Kxe2 Rh4 41.Kf3 Qb4 42.Rb1 a5 43.Qc2 Rh2
44.Bg2 Bd4 45.Rd1 Kf6 46.Rd2 Qa3 47.Rd1 Qb4 48.Rd2 Qa3 49.Rd1 Qb4  1/2-1/2

[Event "Malta Open"]
[Site "Bugibba MLT"]
[Date "2011.11.23"]
[Round "4.7"]
[White "De Verdier,M"]
[Black "Van Foreest,Jorden"]
[Result "1/2-1/2"]
[WhiteElo "2386"]
[BlackElo "2125"]

1.c4 Nf6 2.Nf3 g6 3.g3 Bg7 4.Bg2 O-O 5.O-O c5 6.d4 cxd4 7.Nxd4 Nc6 8.Nc3 Rb8
9.Bf4 d6 10.Bxc6 e5 11.Bg2 exf4 12.gxf4 a6 13.Qd2 Qa5 14.Nf3 Be6 15.Nd5 Qxd2
16.Nxd2 b5 17.Ne7+ Kh8 18.Nc6 Rb6 19.cxb5 Rxb5 20.Nb3 Bxb3 21.axb3 Rxb3 22.Rxa6 Rxb2
23.e3 h5 24.h3 d5 25.Ra7 Ne4 26.Rd7 Nc3 27.Bxd5 Rd2 28.Be6 Rxd7 29.Bxd7 Ra8
30.Kg2 Ra2 31.Ne5 Kg8 32.Kf3 Rd2 33.Rc1 Bxe5 34.fxe5 Rxd7 35.Rxc3 Kf8 36.Rc6 Ke7
37.Ke4 Rd1 38.Rc7+ Ke6 39.Rc6+ Ke7 40.Rf6 Rh1 41.Rf3 Rh2 42.Kf4 Rg2 43.Ke4 Rh2
44.Kd5 Rh1 45.Kd4 Rh2 46.Ke4 Rg2 47.Kf4 Ke6 48.e4 Rg1 49.Rg3 Rf1 50.Rg2 Rh1
51.Rg3 Rf1 52.Rf3 Rh1 53.Ra3 Rf1 54.f3 Rh1 55.Ra6+ Ke7 56.Ra7+ Ke6 57.Ra6+ Ke7
58.Kg3 Rg1+ 59.Kf2 Rh1 60.Kg2 Re1 61.Rb6 h4 62.Rf6 Re2+ 63.Kg1 Ra2 64.Rf4 Ke6
65.Rxh4 Kxe5 66.Rg4 f5 67.exf5 Kxf5 68.Rg2 Ra1+ 69.Kf2 g5 70.Kg3 Rb1 71.Ra2 Rg1+
72.Kf2 Rh1 73.Ra5+ Kf4 74.Ra4+ Kf5 75.Kg2 Rb1 76.Ra8 Rc1 77.Rf8+ Kg6 78.Ra8 Kf5
79.Ra5+ Kf4 80.Ra4+ Kf5 81.h4 gxh4 82.Rxh4 Ra1 83.Rb4 Rc1 84.Kg3 Rg1+ 85.Kf2 Ra1
86.Rd4 Rb1 87.Ke3 Re1+ 88.Kd3 Re8 89.Rd7 Re1 90.Rf7+ Ke6 91.Rf8 Ra1 92.Ke3 Ra4
93.f4 Ra3+ 94.Ke4 Ra4+ 95.Kf3 Ke7 96.Rb8 Kf7 97.Kg4 Ra5 98.Rb6 Rc5 99.Ra6 Rb5
100.f5 Rb1 101.f6 Rg1+ 102.Kf5 Rf1+ 103.Ke4 Rxf6 104.Rxf6+ Kxf6  1/2-1/2

[Event "XII Puhajarve Handicap"]
[Site "Puhajarve EST"]
[Date "2011.11.25"]
[Round "11"]
[White "Drugov,P"]
[Black "Kulaots,K"]
[Result "0-1"]
[WhiteElo "2348"]
[BlackElo "2577"]

1.Nf3 Nf6 2.c4 g6 3.g3 Bg7 4.Bg2 O-O 5.O-O d5 6.cxd5 Nxd5 7.d4 Nb6 8.Nc3 Nc6
9.e3 Re8 10.Qe2 e5 11.dxe5 Nxe5 12.Nxe5 Bxe5 13.Rd1 Qe7 14.Bd2 c6 15.Rac1 Be6
16.b3 Nd7 17.Na4 Rad8 18.Bc3 Bxc3 19.Nxc3 Ne5 20.h3 Qb4 21.Ne4 Nd7 22.Rd4 Qe7
23.Nd6 Rf8 24.Nxb7 Rb8 25.Na5 Qa3 26.Rxc6 Qxa5 27.Rxe6 fxe6 28.Rxd7 Rbd8
29.b4 Qxb4 30.Rxa7 Qd2 31.Qxd2 Rxd2 32.f4 Rc8 33.e4 Rc1+ 34.Kh2 Rcc2 35.Ra8+ Kf7
36.Ra7+ Ke8 37.Ra8+ Kd7 38.Ra7+ Kc8 39.h4 Rxg2+ 40.Kh3 h5  0-1

[Event "21st World Seniors"]
[Site "Rijeka CRO"]
[Date "2011.11.26"]
[Round "11.25"]
[White "Frumson,Y"]
[Black "Jacobsen,Bo"]
[Result "0-1"]
[WhiteElo "2206"]
[BlackElo "2317"]

1.Nf3 Nf6 2.c4 g6 3.g3 Bg7 4.Bg2 O-O 5.O-O Nc6 6.d4 d6 7.Nc3 Bf5 8.h3 Ne4
9.Nd5 Rb8 10.Ne3 Bd7 11.d5 Nb4 12.Nd4 Nf6 13.a3 Na6 14.b4 Qc8 15.Kh2 c5 16.Ndc2 cxb4
17.axb4 b5 18.cxb5 Bxb5 19.Ra3 Qc7 20.Qd2 Qb6 21.Rd1 Nd7 22.Nd4 Bxd4 23.Qxd4 Bxe2
24.Qxb6 Nxb6 25.Re1 Bb5 26.Bd2 Nc8 27.h4 Rb7 28.Nc2 Nc7 29.Nd4 a6 30.Rc1 Nb6
31.h5 Ncxd5 32.Nxb5 axb5 33.Ra5 Rbb8 34.Rxb5 e6 35.Rc6 gxh5 36.Bf3 Rfc8 37.Bxd5 Nxd5
38.Rxb8 Rxb8 39.Rxd6 Nxb4 40.Bh6 Nd5 41.Kh3 Ne7 42.Rd7 Nf5 43.Bf4 Rb5 44.f3 Kg7
45.g4 hxg4+ 46.fxg4 Rb3+ 47.Kh2 Nh4 48.Bg3 Nf3+ 49.Kg2 Kg6 50.Rd8 f6  0-1

[Event "Vilnius Open 2011"]
[Site "Vilnius LTU"]
[Date "2011.11.26"]
[Round "8"]
[White "Prigodinas,R"]
[Black "Vaitkevicius,Paulius"]
[Result "1-0"]
[WhiteElo "1866"]
[BlackElo "1697"]

1.Nf3 Nf6 2.g3 g6 3.c4 Bg7 4.Bg2 O-O 5.O-O d5 6.cxd5 Nxd5 7.Nc3 Nb6 8.d4 Nc6
9.e3 Be6 10.b3 Bg4 11.Bb2 Qd7 12.Qd2 Bxf3 13.Bxf3 e6 14.Ne4 Qc8 15.Nc5 Nd8
16.Rac1 c6 17.Ba3 Re8 18.Rfd1 Bh6 19.Ne4 Rf8 20.Bxf8 Bxf8 21.h4 h6 22.Nc5 Qc7
23.e4 Qe7 24.h5 g5 25.e5 Qc7 26.Be4 Qe7 27.Bb1 Nd5 28.Ne4 Bg7 29.Qd3 Kf8
30.Nd6 Rb8 31.a3 Ra8 32.b4 a6 33.Qb3 g4 34.Ne4 a5 35.b5 cxb5 36.Qxb5 Qxa3
37.Nd6 Qb4 38.Qe8+  1-0

[Event "TCh-CZE Liga1 Vychod"]
[Site "Czech Rep CZE"]
[Date "2011.11.27"]
[Round "4"]
[White "Krejci,Jan1"]
[Black "Kapusta,Pe"]
[Result "0-1"]
[WhiteElo "2195"]
[BlackElo "2158"]

1.Nf3 Nf6 2.c4 g6 3.g3 Bg7 4.Bg2 O-O 5.O-O c5 6.d4 cxd4 7.Nxd4 Nc6 8.Nc3 a6
9.Be3 Rb8 10.Bf4 d6 11.Bxc6 bxc6 12.Nxc6 Qd7 13.Nxb8 Qh3 14.f3 Bb7 15.e4 Rxb8
16.Qd2 Nh5 17.Be3 Be5 18.Qg2 Qc8 19.Nd5 Bxd5 20.cxd5 Rxb2 21.Bf2 Qc4 22.Rfc1 Qa4
23.Kh1 Bd4 24.Bxd4 Qxd4 25.Rd1 Qf6 26.Qf1 Qg5 27.Qg1 f5 28.Rab1 Rxa2 29.Rb8+ Kf7
30.exf5 Qxf5 31.Qe3 Nxg3+ 32.Kg1 Ne2+ 33.Kh1 Nf4 34.Qg1 Qh3 35.Qg3 Rxh2+
36.Qxh2 Qxf3+ 37.Kg1 Qxd1+ 38.Kf2 Qe2+ 39.Kg3 Nh5+ 40.Kh3 Qf3+ 41.Kh4 Nf6
42.Kg5 Qf5+  0-1

[Event "71st ch-ITA 2011"]
[Site "Perugia ITA"]
[Date "2011.12.03"]
[Round "4"]
[White "Brunello,S"]
[Black "Mogranzini,R"]
[Result "1/2-1/2"]
[WhiteElo "2575"]
[BlackElo "2469"]

1.c4 Nf6 2.g3 g6 3.Bg2 Bg7 4.Nf3 O-O 5.Nc3 d6 6.d4 Nc6 7.O-O Rb8 8.b3 a6
9.Nd5 Bg4 10.Bb2 Nxd5 11.cxd5 Nb4 12.h3 Bd7 13.e4 f5 14.Ng5 fxe4 15.Bxe4 c6
16.dxc6 bxc6 17.Bg2 Qa5 18.Qd2 Qb5 19.h4 Qd3 20.Rfd1 Qxd2 21.Rxd2 h6 22.Ne4 a5
23.Nc3 Bf5 24.Rad1 d5 25.Bf1 h5 26.Rc1 Bh6 27.f4 Bg7 28.Ba3 Rfc8 29.Na4 e6
30.Nc5 Rc7 31.Kf2 Ra7 32.Ke3 Kf7 33.Rc3 Ke8 34.Be2 Bf8 35.Bd1 Be7 36.Rc1 Bf8
37.Rc3 Be7 38.Rc1 Bf8 39.Be2 Be7 40.Rc3 Bf8 41.Rc1 Be7 42.Bxb4 axb4 43.Na4 Kd7
44.Bd3 Bd6 45.Rdc2 Bxd3 46.Kxd3  1/2-1/2

[Event "TCh-AUT 2 Mitte 2011-12"]
[Site "Steyregg AUT"]
[Date "2011.12.03"]
[Round "5"]
[White "Kilgus,G"]
[Black "Weiss,C"]
[Result "0-1"]
[WhiteElo "2427"]
[BlackElo "2402"]

1.Nf3 Nf6 2.c4 g6 3.g3 Bg7 4.Bg2 O-O 5.O-O c5 6.d4 cxd4 7.Nxd4 Nc6 8.Nc3 Nxd4
9.Qxd4 d6 10.Qd3 Qc7 11.Be3 Bf5 12.Nb5 Qd7 13.Qd2 a6 14.Nc3 Bh3 15.Bxh3 Qxh3
16.f3 Rac8 17.Qd3 Qe6 18.Nd5 Nxd5 19.cxd5 Qd7 20.Bd4 Bxd4+ 21.Qxd4 Qb5 22.a4 Qc4
23.Qxc4 Rxc4 24.Rfc1 Rfc8 25.Rxc4 Rxc4 26.b3 Rc2 27.Kf2 Rb2 28.Ra3 Rd2 29.b4 Rxd5
30.Ke3 e5 31.Rb3 Rd4 32.a5 Rd5 33.f4 Rd4 34.b5 Ra4 35.bxa6 bxa6 36.Rb6 exf4+
37.gxf4 Rxa5 38.Rxd6 Kg7 39.Kf3 Ra1 40.h4 a5 41.h5 a4 42.hxg6 a3 43.Ra6 hxg6
44.Ke4 Ra2 45.e3 Ra1 46.Ke5 a2 47.e4 f5 48.Ra7+ Kh6  0-1

[Event "XVII Navalmoral Open"]
[Site "Navalmoral de la Mata ESP"]
[Date "2011.12.04"]
[Round "3"]
[White "Lalic,B"]
[Black "Fier,A"]
[Result "1/2-1/2"]
[WhiteElo "2454"]
[BlackElo "2573"]

1.Nf3 Nf6 2.c4 g6 3.g3 Bg7 4.Bg2 O-O 5.d4 d6 6.O-O Nc6 7.Nc3 a6 8.h3 Rb8
9.e4 b5 10.cxb5 axb5 11.Re1 b4 12.Nd5 Nd7 13.Bg5 h6 14.Be3 e6 15.Nf4 e5 16.Nd5 exd4
17.Nxd4 Nxd4 18.Bxd4 Ne5 19.a3 bxa3 20.Rxa3 c5 21.Bc3 Nc6 22.Re2 Nd4 23.Rd2 Be6
24.Ne3 h5 25.h4 Re8 26.Ra6 Be5 27.Qf1 Bc8 28.Ra7 Bg4 29.f4 Bg7 30.Nxg4 hxg4
31.Ra6 Qe7 32.Qc4 Rbd8 33.Qd5 Nb5 34.Ba5 Nc7 35.Bxc7 Qxc7 36.Kh2 Bd4 37.Qg5 Rb8
38.Qxg4 Kg7 39.Qd1 Rb4 40.Ra4 Reb8 41.Rxb4 Rxb4 42.b3 Qa5 43.Rd3 Qa2 44.Kh3 Qb2
45.Bf1 Rb8 46.e5 dxe5 47.fxe5 Re8 48.Qd2 Qa1 49.Qd1 Qa3 50.Qf3 Rxe5 51.Qb7 Re1
52.Rf3 Bf6 53.Bc4 Re7 54.Qd5 Qa1 55.Rf1 Qd4 56.Rf4 Qxd5  1/2-1/2

[Event "8th Vasylyshyn Mem GM"]
[Site "Lviv UKR"]
[Date "2011.12.05"]
[Round "7"]
[White "Goganov,A"]
[Black "Ris,R"]
[Result "1/2-1/2"]
[WhiteElo "2484"]
[BlackElo "2400"]

1.c4 Nf6 2.Nf3 g6 3.g3 Bg7 4.Bg2 O-O 5.d4 d5 6.cxd5 Nxd5 7.Nc3 Nb6 8.O-O Nc6
9.e3 Re8 10.Re1 e6 11.Qe2 Qe7 12.Rd1 Rd8 13.Nd2 Nb4 14.Nde4 e5 15.a3 N4d5
16.Bd2 c6  1/2-1/2

[Event "Ascona Gp B"]
[Site "Ascona SUI"]
[Date "2011.12.09"]
[Round "9.2"]
[White "Grunberg,M"]
[Black "Joksic,S"]
[Result "1-0"]
[WhiteElo "2417"]
[BlackElo "2255"]

1.Nf3 Nf6 2.c4 g6 3.g3 Bg7 4.Bg2 O-O 5.O-O d6 6.d4 c5 7.dxc5 dxc5 8.Nc3 Nc6
9.Bf4 Be6 10.Ne5 Na5 11.Na4 Rc8 12.Qe1 Nh5 13.Rd1 Qc7 14.Nxg6 Nxf4 15.Nxf4 Bxc4
16.b3 Be6 17.Nxe6 fxe6 18.Bh3 Rf6 19.Qd2 c4 20.Qe3 Kf7 21.Nc3 Rh6 22.Ne4 Qb6
23.Ng5+ Kg6 24.Nxe6 Qxe3 25.fxe3 Rxh3 26.Nf4+ Kh6 27.Nxh3 cxb3 28.axb3 Nxb3
29.Rd7 Nc5 30.Rxe7 a5 31.g4 Bb2 32.Rf5 a4 33.Nf4  1-0

[Event "Arab Games Blitz Men"]
[Site "Doha QAT"]
[Date "2011.12.10"]
[Round "8"]
[White "Yaaqoub,R"]
[Black "Asabri,Hu"]
[Result "0-1"]
[WhiteElo "2184"]
[BlackElo "2189"]

1.c4 Nf6 2.g3 g6 3.Bg2 Bg7 4.Nf3 O-O 5.Rf1 d6 6.d4 Nc6 7.Nc3 Rb8 8.d5 Na5
9.Qd3 c5 10.Bd2 a6 11.e4 b5 12.cxb5 axb5 13.b3 c4 14.bxc4 b4 15.Qc2 Bd7 16.Qd3 Bb5  0-1

[Event "TCh-ISR 2011-12"]
[Site "Israel ISR"]
[Date "2011.12.16"]
[Round "1.4"]
[White "Gelman,A"]
[Black "Judkovsky,Yair"]
[Result "0-1"]
[WhiteElo "2413"]
[BlackElo "2329"]

1.Nf3 Nf6 2.c4 g6 3.g3 Bg7 4.Bg2 O-O 5.O-O d6 6.Nc3 e5 7.d3 Re8 8.e4 c6 9.h3 Nbd7
10.Be3 a6 11.b4 Nf8 12.Qc2 h6 13.d4 exd4 14.Nxd4 N8d7 15.Rad1 Qe7 16.Nb3 Ne5
17.c5 Nc4 18.Bd4 dxc5 19.Bxc5 Qc7 20.Rfe1 Be6 21.Ne2 b5 22.Ned4 Nd7 23.Nxe6 Rxe6
24.Bd4 Rae8 25.Qc3 Bxd4 26.Qxd4 Rd6 27.Qc3 c5 28.Rxd6 Qxd6 29.e5 Rxe5 30.Rxe5 Ndxe5
31.bxc5 Qd1+ 32.Kh2 Qe2 33.Qd4 Qxa2 34.Nc1 Qc2 35.Qf4 g5 36.Qf6 Qxc1 37.c6 Nxc6
38.Bxc6 Qb2 39.Qxh6 Qxf2+ 40.Bg2 Qd2 41.h4 gxh4 42.Qxh4 Ne5 43.Qe4 Qh6+ 44.Kg1 Qd6
45.Qa8+ Kg7 46.Bd5 Ng4 47.Kf1  0-1

[Event "European Blitz 2011"]
[Site "Warsaw POL"]
[Date "2011.12.16"]
[Round "11"]
[White "Banusz,T"]
[Black "Gabrielian,A"]
[Result "1-0"]
[WhiteElo "2563"]
[BlackElo "2545"]

1.Nf3 Nf6 2.c4 g6 3.g3 Bg7 4.Bg2 O-O 5.O-O d5 6.cxd5 Nxd5 7.Nc3 Nb6 8.d4 Nc6
9.d5 Na5 10.Qc2 c6 11.dxc6 Nxc6 12.Rd1 Bd7 13.Be3 Rc8 14.Bh3 Bxh3 15.Rxd8 Rfxd8
16.Bxb6 axb6 17.Rd1 Re8 18.Nd5 Nd4 19.Qd3 e5 20.Ng5 Bg4 21.f3 Bf5 22.Ne4 Kh8
23.Kg2 Rc6 24.Rd2 h5 25.Qa3 h4 26.g4 Bxe4 27.fxe4 b5 28.e3 Ne6 29.Qb4 Ng5
30.Nc3 h3+ 31.Kg3 Rec8 32.Qe7 Bf6 33.Qxb7 b4 34.Nd5 Nxe4+ 35.Kxh3 Nxd2 36.Nxf6 Kg7
37.Ne8+ Kf8 38.Nd6 R8c7 39.Qb8+ Kg7 40.Ne8+ Kh6 41.Nxc7 Ne4 42.Qh8+ Kg5 43.Qh4+  1-0

[Event "XXII Cajacanarias Christmas"]
[Site "Santa Cruz de Tenerife ESP"]
[Date "2011.12.21"]
[Round "4"]
[White "Tatai,S"]
[Black "Meneses Gonzalez,K"]
[Result "1/2-1/2"]
[WhiteElo "2367"]
[BlackElo "2248"]

1.Nf3 Nf6 2.c4 g6 3.g3 Bg7 4.Bg2 O-O 5.O-O d6 6.d4 Nbd7 7.Qc2 e5 8.Rd1 Qe7
9.Nc3 c6 10.e4 exd4 11.Nxd4 Nc5 12.Bf4 Rd8 13.Rd2 Ng4 14.Rad1 Ne5 15.b3 Bg4
16.f3 Bd7 17.Kh1 a5 18.Be3 a4 19.Nxa4 Nxa4 20.bxa4 d5 21.cxd5 cxd5 22.Nb5 Nc4
23.Re2 Rac8 24.Qb3 dxe4 25.Bg1 e3 26.Na7 Rc7 27.Nb5 Rcc8 28.Na7 Rc7 29.Nb5 Rcc8  1/2-1/2

[Event "48th Groningen Open A"]
[Site "Groningen NED"]
[Date "2011.12.26"]
[Round "5.22"]
[White "Theulings,PP"]
[Black "Clemens,A"]
[Result "0-1"]
[WhiteElo "2128"]
[BlackElo "2226"]

1.Nf3 Nf6 2.c4 g6 3.g3 Bg7 4.Bg2 O-O 5.d4 d6 6.Nc3 Nc6 7.O-O a6 8.h3 Rb8
9.e4 b5 10.e5 Nd7 11.cxb5 axb5 12.Ng5 dxe5 13.Bxc6 exd4 14.Nxb5 Rb6 15.Na7 Ra6
16.Nxc8 Rxc6 17.Na7 Rb6 18.a4 Qa8 19.Re1 e5 20.Qg4 Nf6 21.Qh4 h6 22.a5 Rb3
23.Rxe5 hxg5 24.Bxg5 Nh7 25.Rb5 Rb8  0-1

[Event "48th Groningen Open A"]
[Site "Groningen NED"]
[Date "2011.12.27"]
[Round "6.21"]
[White "Heemskerk,W"]
[Black "Kerigan,D"]
[Result "1-0"]
[WhiteElo "2264"]
[BlackElo "2192"]

1.Nf3 Nf6 2.g3 g6 3.c4 Bg7 4.Bg2 O-O 5.O-O d6 6.d4 Nbd7 7.Nc3 e5 8.e4 c6
9.Rb1 a5 10.h3 exd4 11.Nxd4 Nc5 12.Re1 Re8 13.Qc2 Nfxe4 14.Nxe4 Bxd4 15.Bg5 Qd7
16.Nf6+ Bxf6 17.Bxf6 Re6 18.Bc3 Qe7 19.b3 Bd7 20.Qd2 b6 21.Qd4 f6 22.Rxe6 Bxe6
23.Bxc6 Rc8 24.Bg2 a4 25.Qxf6 Qxf6 26.Bxf6 axb3 27.axb3 Rb8 28.Be7 Nb7 29.Rd1 Kf7
30.Bxd6 Nxd6 31.Rxd6 b5 32.Bd5 Bxd5 33.Rxd5 bxc4 34.bxc4 Rc8 35.Rd7+ Kg8
36.Rd4 Kf7 37.Kf1 Ke6 38.Ke2 Ke5 39.Ke3 Ra8 40.f4+ Ke6 41.Ke4 Ra1 42.Rd5 Re1+
43.Kd4 Rg1 44.Re5+ Kd6 45.c5+ Kc6 46.Re6+ Kd7 47.Re3 Kc6 48.Rc3 Re1 49.g4 Re2
50.f5 h5 51.fxg6 hxg4 52.h4  1-0

[Event "20th Aschacher Donau"]
[Site "Aschach AUT"]
[Date "2011.12.30"]
[Round "6"]
[White "Juhasz,Kr"]
[Black "Meszaros,An"]
[Result "1-0"]
[WhiteElo "2373"]
[BlackElo "2297"]

1.Nf3 Nf6 2.c4 g6 3.g3 Bg7 4.Bg2 O-O 5.O-O d6 6.d4 Nbd7 7.Nc3 e5 8.e4 exd4
9.Nxd4 Re8 10.h3 Nc5 11.Re1 Bd7 12.Kh2 a5 13.f4 a4 14.Ndb5 Bxb5 15.cxb5 a3
16.Qc2 axb2 17.Bxb2 Ra5 18.Rad1 Nfd7 19.a3 Qb8 20.Nd5 Rxb5 21.Bxg7 Kxg7 22.Bf1 Rb6
23.Nxb6 Nxb6 24.e5 Nbd7 25.exd6 cxd6 26.Rxe8 Qxe8 27.Rxd6 Qe3 28.Bg2 Qxa3
29.Qd1 Nf6 30.Qd4 Ne6 31.Qe5 Qb4 32.Rd7 Nc5 33.Rc7 b6 34.Rc6 Nd7 35.Qc7 h5
36.Rc4 Qd2 37.Rc2 Qd4 38.Qc3 Qxc3 39.Rxc3 Nc5 40.Bc6 Kf8 41.Kg2 Ke7 42.Bb5 Nd5
43.Rc1 h4 44.Re1+ Kf6 45.Bc4 Nc7 46.g4 b5 47.g5+ Kg7 48.Re7 N7e6 49.Bxe6 Nxe6
50.Kf3 Nd4+ 51.Ke4 Nf5 52.Rd7 b4 53.Ke5 Ne3 54.Rb7 Nc2 55.Rb8 Ne1 56.Ke4 Nc2
57.Kd3 Ne1+ 58.Ke2 Nc2 59.Kd2 Nd4 60.Rxb4 Nf5 61.Rb8 Nd6 62.Rd8 Nf5 63.Ra8 Ne7
64.Ke2 f5 65.Kd3 Nd5 66.Ra7+ Kg8 67.Kd4 Nxf4 68.Ke5 Nxh3 69.Kf6 Nf4 70.Ra4 Ne2
71.Kxg6 Kf8 72.Kh7 h3 73.g6 h2 74.g7+ Ke7 75.Rh4  1-0

[Event "Cracovia Open A"]
[Site "Krakow POL"]
[Date "2011.12.31"]
[Round "5.42"]
[White "Janik,A"]
[Black "Andrenko,I"]
[Result "0-1"]
[WhiteElo "1920"]
[BlackElo "2210"]

1.c4 Nf6 2.g3 g6 3.Bg2 Bg7 4.Nf3 O-O 5.O-O d6 6.Nc3 e5 7.d3 Nc6 8.Bd2 h6
9.Rb1 Be6 10.e4 Nd7 11.b4 f5 12.Nh4 Qe8 13.exf5 gxf5 14.Nd5 Rc8 15.Qa4 a6
16.Be3 Nd8 17.Qa5 c6 18.Nc7 Qh5 19.Nxe6 Nxe6 20.f4 exf4 21.Bxf4 Nxf4 22.Rxf4 Be5
23.Rff1 f4 24.Nf3 fxg3 25.h3 Rf5 26.Qa4 Rcf8 27.Nxe5 Nxe5 28.Rxf5 Qxf5 29.Qb3 Nf3+  0-1

[Event "Cracovia Open A"]
[Site "Krakow POL"]
[Date "2012.01.02"]
[Round "6.15"]
[White "Moliboga,V"]
[Black "Solys,L"]
[Result "1/2-1/2"]
[WhiteElo "2251"]
[BlackElo "2335"]

1.Nf3 Nf6 2.c4 g6 3.g3 Bg7 4.Bg2 O-O 5.O-O d5 6.Qc2 Nc6 7.d3 Bg4 8.Nbd2 Qd7
9.Re1 e5 10.cxd5 Nxd5 11.a3 a5 12.Qd1 Rfe8 13.Ne4 b6 14.Bd2 Rad8 15.Nc3 Nxc3
16.Bxc3 Nd4 17.Bxd4 exd4 18.b4 Qb5 19.Qd2 axb4 20.axb4 Bf8 21.Rab1 Bg7 22.Rec1 Re7
23.Qf4 Qf5 24.Qxf5 Bxf5 25.Rb2 Bg4 26.h3 Bxf3 27.Bxf3 Be5  1/2-1/2

[Event "Northern California International"]
[Site "Fremont USA"]
[Date "2012.01.04"]
[Round "4"]
[White "Young,An"]
[Black "Ni,V"]
[Result "1-0"]
[WhiteElo "2325"]
[BlackElo "2225"]

1.Nf3 Nf6 2.c4 g6 3.g3 Bg7 4.Bg2 O-O 5.O-O d6 6.d4 a6 7.b3 c5 8.Bb2 Nc6 9.d5 Na5
10.Nbd2 b5 11.e4 Rb8 12.e5 Ng4 13.Re1 Re8 14.cxb5 axb5 15.Rc1 Bb7 16.h3 Nh6
17.Ne4 b4 18.Qd2 dxe5 19.Rxc5 Qb6 20.Bxe5 Rbc8 21.Bxg7 Kxg7 22.g4 Red8 23.Qd4+ f6
24.Rxc8 Qxd4 25.Nxd4 Rxc8 26.d6 Nf7 27.Ne6+ Kg8 28.dxe7 Bxe4 29.Rxe4 Nd6
30.Rd4 Ne8 31.Nd8 Rc1+ 32.Kh2 Re1 33.Rd5 Re5 34.f4  1-0

[Event "15th Guben Neujahrsopen"]
[Site "Guben GER"]
[Date "2012.01.04"]
[Round "5.5"]
[White "Fengier,W"]
[Black "Kantans,T"]
[Result "0-1"]
[WhiteElo "2086"]
[BlackElo "2330"]

1.Nf3 Nf6 2.c4 g6 3.g3 Bg7 4.Bg2 O-O 5.O-O d5 6.cxd5 Nxd5 7.d4 Nc6 8.Nc3 Nb6
9.d5 Na5 10.e4 c6 11.Nd4 cxd5 12.Nxd5 Nxd5 13.exd5 e5 14.Nc2 Nc4 15.Ne3 Nd6
16.b3 b5 17.Ba3 f5 18.Rc1 Bb7 19.Rc6 Rf6 20.f4 e4 21.g4 Bxc6 22.dxc6 Qb6
23.Qd5+ Nf7 24.c7 Rc8 25.Qd7 Qxc7 26.Qxc7 Rxc7 27.Nd5 Rc2 28.Nxf6+ Bxf6 29.gxf5 gxf5
30.Bh3 Nh6 31.Rd1 a5 32.Bf1 b4 33.Bc4+ Kg7 34.Bc1 Ng4 35.Rd7+ Kh6 36.Bd2 Bc3
37.Rd6+ Kh5 38.Bf7+ Kh4 39.Bxc3 bxc3 40.Be6 Rd2  0-1

[Event "XXIII Roquetas Open"]
[Site "Roquetas de Mar ESP"]
[Date "2012.01.04"]
[Round "4"]
[White "Paunovic,D"]
[Black "Camacho Collados,M"]
[Result "1-0"]
[WhiteElo "2520"]
[BlackElo "2411"]

1.Nf3 Nf6 2.c4 g6 3.g3 Bg7 4.Bg2 O-O 5.O-O d6 6.d4 c6 7.Nc3 Qb6 8.c5 dxc5
9.Na4 Qb5 10.Nxc5 Na6 11.a4 Qb6 12.a5 Qb5 13.Nxa6 Qxa6 14.Re1 Rd8 15.e4 Bg4
16.Qa4 Qb5 17.Qxb5 cxb5 18.e5 Nd5 19.Bd2 Rac8 20.Rac1 Bxf3 21.Bxf3 e6 22.Bxd5 exd5
23.Bb4 Bf8 24.Bxf8 Kxf8 25.b3 Ke7 26.f4 b4 27.Kf2 b6 28.a6 Rc3 29.Rxc3 bxc3
30.Ke3 Rc8 31.Kd3 b5 32.b4 Rc4 33.Rc1 Rxb4 34.Rxc3 Rc4 35.g4 Ke6 36.Rc2 h6
37.f5+ gxf5 38.gxf5+ Kxf5 39.Rf2+ Ke6 40.Rf6+ Ke7 41.Rd6 Rb4 42.Rxd5 f6 43.exf6+ Kxf6
44.Rd7 Rb2 45.Rxa7 Rxh2 46.Ra8 Ra2 47.a7 Kg7 48.d5 h5 49.d6 Ra1 50.Kc2 Ra6
51.d7  1-0

[Event "Northern California International"]
[Site "Fremont USA"]
[Date "2012.01.05"]
[Round "5"]
[White "Betaneli,A"]
[Black "Pruess,D"]
[Result "1/2-1/2"]
[WhiteElo "2266"]
[BlackElo "2395"]

1.Nf3 Nf6 2.g3 g6 3.Bg2 Bg7 4.c4 O-O 5.O-O d5 6.cxd5 Nxd5 7.d4 c6 8.e4 Nb6
9.Nc3 Bg4 10.Be3 Nc4 11.h3 Nxe3 12.fxe3 Bxf3 13.Bxf3 e5 14.d5 Qg5 15.Qe1 Bh6
16.Kf2 Nd7 17.Rd1 Rad8 18.h4 Qe7 19.Kg2 Qc5 20.g4 Bxe3 21.b4 Qb6 22.Na4 Qa6
23.Qxe3 Qxa4 24.h5 cxd5 25.exd5 Qxb4 26.Rh1 Rfe8 27.hxg6 fxg6 28.Rxh7 Kxh7
29.Rh1+ Kg8 30.Rh8+ Kxh8 31.Qh6+ Kg8 32.Qxg6+ Kf8 33.Qh6+ Kf7 34.Qh7+ Kf6
35.Qh6+ Ke7 36.Qe6+ Kf8 37.Qh6+ Kf7 38.Qh7+  1/2-1/2

[Event "Northern California International"]
[Site "Fremont USA"]
[Date "2012.01.05"]
[Round "5"]
[White "Gaffagan,S"]
[Black "Vasudeva,Tanuj"]
[Result "0-1"]
[WhiteElo "2071"]
[BlackElo "2100"]

1.c4 g6 2.g3 Bg7 3.Bg2 Nf6 4.Nf3 O-O 5.O-O d6 6.Nc3 e5 7.d3 a5 8.Rb1 Re8
9.a3 c6 10.Qc2 d5 11.cxd5 cxd5 12.Bg5 Ra6 13.Rfc1 Rc6 14.Qa4 h6 15.Bxf6 Bxf6
16.e4 d4 17.Nd5 Bg7 18.Nd2 Rxc1+ 19.Rxc1 Bd7 20.Qc2 Bc6 21.b4 Na6 22.bxa5 Qxa5
23.Nc4 Qd8 24.Ncb6 Bf8 25.Qb2 Nc5 26.Bf1 Kg7 27.f4 f6 28.h4 Qd6 29.g4 exf4
30.Qxd4 Nb3 31.Qb2 Nxc1 32.g5 hxg5 33.hxg5 Qe5 34.gxf6+ Kf7 35.Qxc1 Qd4+
36.Kh2 Bc5 37.Bh3 Qf2+ 38.Kh1 Qf3+  0-1